00739nam a2200217Ia 4500003000400000005001700004008004100021020001500062040001800077041000800095082001900103100002800122245014900150250001200299260005400311300002900365650002500394650002700419650004500446700003000491OSt20241028133857.0210716s2007 xx 000 0 und d a8184120125 cAIMIT LIBRARY aeng a519.521bCHAS aChaudhari, Salil Kumar. aStatistical methods : bguide to statistical analysis for professionals and scientists /cBy Salil Kumar Chaudhuri and Ashis Kumar Chakraborty. a1st ed. aNew Delhi :c2007.bAsian Books Private Limited , axiv,342p. ;bPBc24.5 cm aPresentation of data aSampling distributions aStatistical tools for quality management aChakraborty, Ashis Kumar.